Normal view
MARC view
- O'Flaherty, C. A. (ed.)
Entry Personal Name
001 - CONTROL NUMBER
- control field: 43579
003 - CONTROL NUMBER IDENTIFIER
- control field: NUST
005 - DATE AND TIME OF LATEST TRANSACTION
- control field: 20210314132706.0
008 - FIXED-LENGTH DATA ELEMENTS
- fixed length control field: 210314|| aca||aabn | a|a d
040 ## - CATALOGING SOURCE
- Original cataloging agency: NUST
- Transcribing agency: NUST
100 ## - HEADING--PERSONAL NAME
- Personal name: O'Flaherty, C. A. (ed.)
670 ## - SOURCE DATA FOUND
- Source citation: Work cat.: (NUST): O'Flaherty, C. A 38529, Highways:Volume 2 highway engineering , 1974
